Documents on the Middle East /

Saved in:

Main Author: Magnus, Ralph H. (Author)

Corporate Author: American enterprise institute for public policy research.

Format: Book

Language: English

Published: Washington : American Enterprise Institute for Public Policy Research, 1969.

Subjects:

Tags: Add Tag

No Tags, Be the first to tag this record!

Call Number: DS42 .M3 1969

LEADER 00763namaa2200241 4500
001 20725
003 OSt
005 20260309071616.0
008 130303s1969 dcub b 000 0 eng d
010 |a 75093191 
040 |c ARCE Library 
043 |a aw----- 
050 4 |a DS42 .M3 1969 
100 1 |a Magnus, Ralph H.,  |e author 
245 1 0 |a Documents on the Middle East /  |c edited by Ralph H. Magnus. 
264 1 |a Washington :  |b American Enterprise Institute for Public Policy Research,  |c 1969. 
300 |a viii, 232 pages :  |b map ;  |c 26 cm. 
504 |a Bibliography : pages 227-229. 
651 0 |a Middle East  |x Politics and government. 
710 2 |a American enterprise institute for public policy research. 
901 |a reviewed 
942 |c BK  |2 lcc 
999 |c 17180  |d 17180